| 000 | 01144nam a22002537a 4500 | ||
|---|---|---|---|
| 005 | 20170124102934.0 | ||
| 010 | _aB-017188 | ||
| 020 | _c125.00 | ||
| 035 | _aB-017188 | ||
| 037 | _bCen Lib/Ret | ||
| 040 |
_aDPL _bHN |
||
| 082 |
_a133.323 _bत्यागीनि |
||
| 100 |
_aत्यागी, निशा _945951 |
||
| 245 |
_aवास्तु-शास्त्र से सीखो जीवन जीना व निवास करना / _cनिशा त्यागी |
||
| 246 |
_aVaastu-shastr se seekho jeevan jeena va nivas karna / _bby Nisha Tyagi |
||
| 260 |
_bअमर स्वामी प्रकाशन विभाग _aगाज़ियाबाद _c1999 |
||
| 270 |
_a105-विवेकानन्द नगर _bउत्तर प्रदेश _e201 001 |
||
| 300 |
_a208पृ. : _c21सेमी (सजिल्द) _bसचित्र |
||
| 650 |
_aवास्तु-शास्त्र _945952 |
||
| 650 |
_aवास्तु _945953 |
||
| 650 |
_aVastu-shastra _945954 |
||
| 650 |
_aVastu _945955 |
||
| 942 |
_2ddc _cHN _h133.323 _mत्यागीनि |
||
| 999 |
_c112108 _d112108 |
||